Statistics for 县级市所属地级行政区Prefactural Regions that County-Leveled Cities Affiliated to

Click here to take the quiz!

General Stats

  • This quiz has been taken 39 times
    (34 since last reset)
  • The average score is 30 of 40

Answer Stats

县级市入选原因地级市% Correct
常熟市百强县苏州市
100%
昆山市百强县苏州市
100%
雷州市地理位置湛江市
97%
余姚市考古宁波市
94%
浏阳市烟花长沙市
94%
敦煌市旅游酒泉市
94%
吉首市首府湘西土家族苗族自治州
91%
瑞金市历史赣州市
91%
韶山市历史湘潭市
91%
格尔木市战略意义海西蒙古族藏族自治州
91%
义乌市形近字金华市
91%
西昌市卫星发射凉山彝族自治州
91%
武夷山市旅游南平市
88%
曲阜市历史济宁市
88%
汨罗市历史岳阳市
84%
神木市城际终点站榆林市
81%
庐山市旅游九江市
81%
荣成市百强县威海市
81%
天长市版图形状滁州市
78%
霍尔果斯市连霍高速西端伊犁哈萨克自治州
78%
瑞安市名称温州市
78%
瑞丽市缉毒德宏傣族景颇族自治州
75%
丹江口市南水北调十堰市
75%
简阳市改变代管成都市
75%
东阳市经济金华市
75%
阆中市旅游南充市
75%
巩义市难为大家郑州市
69%
冷水江市给国铁充值娄底市
69%
库车市古龟兹国阿克苏地区
66%
化州市特产茂名市
63%
调兵山市名称铁岭市
59%
灵武市交通银川市
56%
子长市名称延安市
56%
灯塔市名称辽阳市
53%
米林市撤县设市林芝市
53%
荔浦市特产桂林市
50%
义马市形近字三门峡市
44%
霍林郭勒市地理位置通辽市
44%
图木舒克市维语意思新疆生产建设兵团
44%
龙井市名称延边朝鲜族自治州
41%

Score Distribution

Percentile by Number Answered

Percent of People with Each Score

Your Score History

You have not taken this quiz since the last reset